| 000 | 00984nam a22001697a 4500 | ||
|---|---|---|---|
| 003 | OSt | ||
| 005 | 20260120082337.0 | ||
| 008 | 260120b |||||||| |||| 00| 0 eng d | ||
| 040 |
_aDWCL GS library _c0C |
||
| 100 | _aAlexander, Lloyd | ||
| 245 | _athe black cauldron | ||
| 250 | _aNew york | ||
| 300 |
_a229 pages _c20cm |
||
| 520 | _aPeace resigns in Caer Dallben, where Taran works as Assisstant Pig-keeper, but evil threatens the rest of prydain. The diabolical Arawn's army grows every day, and his terrible warriors never die. They are born in the black cauldron from the stolen bodies of slain soldiers. If evil is to be defeated, the cauldron must be destroyed. Taran volunteers to travel to Arawn's stronghold and assist in the destruction of the dreaded cauldron. With his faithful friends reassembled, Taran marches off to face great danger with a courageous heart. | ||
| 700 | _aLloyd Alexander | ||
| 942 |
_2ddc _cFIC. _hFic A127b 1965 _n0 |
||
| 999 |
_c7593 _d7593 |
||